| 000 | 00891nmc a2200313 a 4500 | ||
|---|---|---|---|
| 003 | AR-BaBNM | ||
| 005 | 20251128211535.0 | ||
| 008 | 164120s2004 ||||||||||||||000 | spa|| | ||
| 020 | _a987-96543-0-7 | ||
| 040 | _cAR-BaBNM | ||
| 100 | 1 | _aUres, Rodrigo | |
| 245 | 1 | 0 |
_aMacarena Macanuda _buna historia de amor anudada |
| 260 |
_aBuenos Aires _bLite Tere Ediciones _c2004 |
||
| 300 | 0 |
_a28 p. _bil. |
|
| 490 | 0 | _aLos cuentos de la Polga Ulga | |
| 650 | 4 | _aLIBROS PARA NINOS | |
| 650 | 4 | _aCUENTOS | |
| 650 | 4 | _aLITERATURA ARGENTINA | |
| 650 | 4 | _aLITERATURA CONTEMPORANEA | |
| 653 | _aLITERATURA JUVENIL | ||
| 655 | _aLITERATURA | ||
| 700 | 1 |
_aWeiss, Mónica _eilustrador |
|
| 700 | 1 |
_aBonato, María Laura _ecolaborador |
|
| 700 | 1 |
_aBarborini, Ignacio _ediseño |
|
| 700 | 1 |
_aDíaz de Muriel, Noemí _ecorrector |
|
| 800 | 0 | _aPolga Ulga | |
| 942 | _cBK | ||
| 998 | _cEugenia | ||
| 999 |
_c20097 _d20097 |
||